000 00439 a2200169 4500
001 066550
003 OSt
005 20211001122520.0
008
082 _a822.33
_bS15M
100 1 _aShakespeare, William
245 1 _aMuch a do about nothing
_cby William Shakespeare
260 _aLondon
_bWordsworth
_c2003
300 _a143p.
690 _aHistory; English; International trade
942 _2ddc
_cBK
999 _c595
_d595